Servicio municipal de pompas fúnebres / Casa Provincial de Caridad de Barcelona
Descripción Física:
[65] p. : il. ; 16 cm
MARC
| LEADER | 00000nam a2200000Ia 4500 | ||
|---|---|---|---|
| 001 | 19989 | ||
| 008 | 160829s19-- ?] xx 000 0 cat d | ||
| 080 | |a R-12-93 | ||
| 245 | |a Servicio municipal de pompas fúnebres / Casa Provincial de Caridad de Barcelona | ||
| 260 | |a [Barcelona : |b la Casa, Imprenta - Escuela., |c 19-- ?] | ||
| 300 | |a [65] p. : |b il. ; |c 16 cm | ||
| 590 | |a Hi ha un duplicat a: DUP-38 | ||
| 650 | |a Serveis funeraris |x Barcelona (Província) |9 42450 | ||
| 710 | |a Casa de Caritat (Barcelona, Catalunya) |9 52406 | ||
| 901 | |a Arxiu | ||
| 942 | |n 1 |2 udc | ||
| 952 | |0 0 |1 0 |4 0 |6 R1293 |7 1 |9 51982 |a Arxiu |b Arxiu |d 2016-12-01 |l 0 |o R-12-93 |p 19989 |r 2016-12-01 00:00:00 |w 2016-12-01 |y ARXIU | ||
| 952 | |0 0 |1 0 |4 0 |6 PDL |7 1 |9 63878 |a Arxiu |b Arxiu |d 2022-09-09 |l 0 |o PDL |p 26782 |r 2022-09-09 00:00:00 |w 2022-09-09 |y ARXIU | ||
| 999 | |c 55829 |d 55829 | ||
| 900 | |a bib_19989_baixa.pdf | ||